Priority SK PRES v ekonomickej oblasti

Priority Slovenskej republiky počas jej polročného predsedníctva v Rade EÚ (SK PRES 07/2016 – 12/2016) budú vychádzať z 5 priorít Strategického programu pre Úniu v časoch zmien. Sú medzi nimi iniciatívy ako Únia zamestnanosti, rastu a konkurencieschopnosti, Únia príležitostí pre jej občanov, Energet...

Ausführliche Beschreibung

Gespeichert in:
Bibliographische Detailangaben
1. Verfasser: Ivanová, Eva
Format: Buchkapitel
Sprache:Slowakisch
Schlagworte:
Tags: Tag hinzufügen
Keine Tags, Fügen Sie das erste Tag hinzu!

MARC

LEADER 00000nla a2200000 4500
001 0223120
005 20240502073641.9
041 0 |a slo 
044 |a SK 
245 1 0 |a Priority SK PRES v ekonomickej oblasti  |c Eva Ivanová 
520 |a Priority Slovenskej republiky počas jej polročného predsedníctva v Rade EÚ (SK PRES 07/2016 – 12/2016) budú vychádzať z 5 priorít Strategického programu pre Úniu v časoch zmien. Sú medzi nimi iniciatívy ako Únia zamestnanosti, rastu a konkurencieschopnosti, Únia príležitostí pre jej občanov, Energetická únia s perspektívnou klimatickou politikou, Únia slobody, bezpečnosti a spravodlivosti a Únia ako silný globálny aktér. Slovenská republika si je vedomá potreby rozvoja EÚ najmä v ekonomickej oblasti, preto sa tejto oblasti týkajú až 4 z piatich oblastí priorít SK PRES. 
610 2 0 |a Európska únia 
610 2 0 |a Rada Európskej únie 
610 2 0 |a Slovensko 
610 2 0 |a 2016 
610 2 0 |a spolupráca hospodárska medzinárodná 
100 1 |a Ivanová, Eva